LEADER 01153cam0-2200313 --450 001 9910366360403321 005 20200123154951.0 010 $a88-86569-02-5 100 $a20200123d1996----km y0itay50 ba 101 0 $aita 102 $aIT 105 $aa 001yy 200 1 $aReti ecologiche ed interventi di miglioramento ambientale$easpetti teorici e schede pratiche$d= Ecological networks and habitat restoration$etheory and application$fdi Sergio Malcevschi, Luca G. Bisogni e Armando Gariboldi 210 $aMilano$cIl verde editoriale$d1996 215 $a222 p., 8 p. di tav.$cill.$d24 cm 510 1 $aEcological networks and habitat restoration$etheory and application 610 0 $aEcologia 610 0 $aEcologia applicata 676 $a333.73153$v20 700 1$aMalcevschi,$bSergio$011310 701 1$aBisogni,$bLuca Giovanni$0772373 701 1$aGariboldi,$bArmando$f<1958- >$0772374 801 0$aIT$bUNINA$gREICAT$2UNIMARC 901 $aBK 912 $a9910366360403321 952 $aS/74$bs.i.$fDINTR 959 $aDINTR 996 $aReti ecologiche ed interventi di miglioramento ambientale$91576845 997 $aUNINA